Statistics for Star Wars Planets

Click here to take the quiz!

General Stats

  • This quiz has been taken 19,940 times
    (12,957 since last reset)
  • The average score is 10 of 13

Answer Stats

HintPlanet% Correct
Ice planet where Luke stays warm inside a TauntaunHoth
96%
Desert planet where Luke grew upTatooine
96%
The Ewoks live on the forest moon of this planetEndor
91%
Home to Jar-Jar Binks and Queen AmidalaNaboo
88%
Planet where Leia grow up, later destroyed by the Death StarAlderaan
85%
Swampy planet where Yoda spends his final daysDagobah
82%
Home planet of the WookieesKashyyyk
70%
The Jedi Temple is located in this prosperous planetCoruscant
66%
Fiery, industrial planet where Obi-Wan battles AnakinMustafar
65%
In Episode 4, the rebel base was on the fourth moon of this planetYavin
62%
The planet where the clone factory is locatedKamino
58%
Cloud City is located in this planetBespin
55%
Planet where valuable spice is minedKessel
40%

Score Distribution

Percentile by Number Answered

Percent of People with Each Score

Your Score History

You have not taken this quiz since the last reset